Environmentální bezpečnost
Pojmové vymedzenie environmentálnej bezpečnosti. Dopad znečistenia životného prostredia na ekonomickú a sociálnu sféru. Potenciálne zdroje medzinárodného ekologického konfliktu. Väzby medzi ekologickými problémami a národnou bezpečnosťou.
Enregistré dans:
| Auteur principal: | |
|---|---|
| Format: | Chapitre de livre |
| Langue: | tchèque |
| Sujets: | |
| Tags: |
Pas de tags, Soyez le premier à ajouter un tag!
|
MARC
| LEADER | 00000naa a2200000 4500 | ||
|---|---|---|---|
| 001 | r044567 | ||
| 005 | 20231004105145.7 | ||
| 041 | 0 | |a cze | |
| 044 | |a CZ | ||
| 245 | 1 | 0 | |a Environmentální bezpečnost |c Eva Tošovská |
| 520 | |a Pojmové vymedzenie environmentálnej bezpečnosti. Dopad znečistenia životného prostredia na ekonomickú a sociálnu sféru. Potenciálne zdroje medzinárodného ekologického konfliktu. Väzby medzi ekologickými problémami a národnou bezpečnosťou. | ||
| 610 | 2 | 0 | |a environmentalistika |
| 610 | 2 | 0 | |a ochrana prostredia životného |
| 610 | 2 | 0 | |a bezpečnosť environmentálna |
| 610 | 2 | 0 | |a bezpečnosť ekonomická |
| 100 | 1 | |a Tošovská, Eva | |